Catálogo

Mi país inventado / (Registro nro. 69037)

Detalles MARC
000 -LEADER
fixed length control field 01244aam a2200349 i 4500
001 - CONTROL NUMBER
control field 69037
003 - CONTROL NUMBER IDENTIFIER
control field Mx-PuUPA
005 - DATE AND TIME OF LATEST TRANSACTION
control field 20220302080945.0
008 - FIXED-LENGTH DATA ELEMENTS--GENERAL INFORMATION
fixed length control field 200430s2014 mx ||||gr|||| 00| d spa d
020 ## - INTERNATIONAL STANDARD BOOK NUMBER
International Standard Book Number 9786073121651
040 ## - CATALOGING SOURCE
Original cataloging agency Mx-PuUPA
Language of cataloging spa
Transcribing agency Mx-PuUPA
Modifying agency Mx-PuUPA
Description conventions rda
041 0# - LANGUAGE CODE
Language code of text/sound track or separate title spa
100 1# - MAIN ENTRY--PERSONAL NAME
9 (RLIN) 7381
Personal name Allende, Isabel
Dates associated with a name 1942-
Relator term autor
245 10 - TITLE STATEMENT
Title Mi país inventado /
Statement of responsibility, etc. Isabel Allende
250 ## - EDITION STATEMENT
Edition statement Tercera edición
264 #1 - PRODUCTION, PUBLICATION, DISTRIBUTION, MANUFACTURE, AND COPYRIGHT NOTICE
Place of production, publication, distribution, manufacture México, D.F. :
Name of producer, publisher, distributor, manufacturer Penguin Random House Grupo Editorial,
Date of production, publication, distribution, manufacture, or copyright notice 2015
300 ## - PHYSICAL DESCRIPTION
Extent 219 páginas ;
Dimensions 19 cm
336 ## - CONTENT TYPE
Fuente rdacontent
Content type term texto
Content type code txt
337 ## - MEDIA TYPE
Source rdamedia
Media type term sin medio
Media type code n
338 ## - CARRIER TYPE
Source rdacarrier
Carrier type term volumen
Carrier type code nc
490 1# - SERIES STATEMENT
Series statement Contemporánea (Debolsillo (Firm))
545 1# - BIOGRAPHICAL OR HISTORICAL DATA
Biographical or historical data Reimpresiones: (primera, diciembre 2015).
600 10 - SUBJECT ADDED ENTRY--PERSONAL NAME
9 (RLIN) 7381
Personal name Allende, Isabel
Dates associated with a name 1942-
650 #4 - SUBJECT ADDED ENTRY--TOPICAL TERM
Topical term or geographic name entry element Autores, chilenas
Chronological subdivision Siglo XX
Form subdivision Biografía
650 #4 - SUBJECT ADDED ENTRY--TOPICAL TERM
Topical term or geographic name entry element Ataques terroristas del 11 de septiembre de 2001
651 #4 - SUBJECT ADDED ENTRY--GEOGRAPHIC NAME
Geographic name Chile
General subdivision Historia
-- Golpe de Estado, 1973
830 #0 - SERIES ADDED ENTRY--UNIFORM TITLE
9 (RLIN) 11584
Uniform title Contemporánea (Debolsillo (Firm))
942 ## - ADDED ENTRY ELEMENTS (KOHA)
Source of classification or shelving scheme Dewey Decimal Classification
Classification part 920.72
Koha item type Libro
Item part A416
Existencias
Withdrawn status Lost status Source of classification or shelving scheme Damaged status Not for loan Collection code Home library Current library Shelving location Date acquired Source of acquisition Cost, normal purchase price Full call number Barcode Date last seen Copy number Cost, replacement price Price effective from Koha item type
    Dewey Decimal Classification     General Biblioteca Karol Wojtyla Biblioteca Karol Wojtyla Sala general 05/08/2021 1 229.00 920.72 A416 2014 101370 05/01/2026 Ej.2 229.00 05/08/2021 Libro
    Dewey Decimal Classification     General Biblioteca Karol Wojtyla Biblioteca Karol Wojtyla Sala general 05/08/2021 1 229.00 920.72 A416 2014 101369 05/01/2026   229.00 05/08/2021 Libro